It looks like you're offline.
Open Library logo
additional options menu

MARC record from Internet Archive

LEADER: 01520cam a2200397 a 4500
001 ocm53356760
003 OCoLC
005 20151005045746.0
008 031029s2004 nyua f 000 0 eng
010 $a2003066821
020 $a0312318812
037 $a0312318812$bBWI
040 $aDLC$cDLC$dBAKER$dSFR$dUtOrBLW
043 $an-us---
049 $aSFRA
050 00 $aKF283$b.M55 2004
082 00 $a340/.071/173$222
092 $a340.0711$bM617L 2004
100 1 $aMiller, Robert H.$q(Robert Harrax)
245 10 $aLaw school confidential :$ba complete guide to the law school experience : by students, for students /$cRobert H. Miller.
250 $aRev. ed.
260 $aNew York :$bSt. Martin's Griffin/Thomas Dunne Books,$c2004.
300 $axxi, 393 p. :$bill. ;$c22 cm
336 $atext$btxt$2rdacontent
337 $aunmediated$bn$2rdamedia
338 $avolume$bnc$2rdacarrier
650 0 $aLaw$xStudy and teaching$zUnited States.
650 0 $aLaw students$zUnited States$vHandbooks, manuals, etc.
907 $a.b1945448x$b06-29-18$c07-14-05
998 $axgi$b06-22-07$cm$da $e-$feng$gnyu$h0$i2
907 $a.b1945448x$b09-02-15$c07-14-05
994 $aC0$bSFR
998 $axgi$b06-22-07$cm$da$e-$feng$gnyu$h0$i2
999 $yMARS
998 $axgi$b09-13-05$cm$da$e-$feng$gnyu$h0$i0
945 $a340.0711$bM617L 2004$d - - $e07-21-2018 16:28$f0$g0$h10-09-18$i31223086696821$j503$0800$k - - $lxgici$nGIC Inventory 2016$o-$p$18.95$q-$r-$s- $t1$u41$v30$w1$x3$y.i5665876x$z08-10-09